The one / (Record no. 21914)
[ view plain ]
| 000 -LEADER | |
|---|---|
| fixed length control field | 01472cam a22003615i 4500 |
| 001 - CONTROL NUMBER | |
| control field | ocn852488310 |
| 003 - CONTROL NUMBER IDENTIFIER | |
| control field | EG-ScBUE |
| 005 - DATE AND TIME OF LATEST TRANSACTION | |
| control field | 20210201135005.0 |
| 008 - FIXED-LENGTH DATA ELEMENTS--GENERAL INFORMATION | |
| fixed length control field | 130709t20142014nyu g 000 f eng d |
| 020 ## - INTERNATIONAL STANDARD BOOK NUMBER | |
| Cancelled/invalid ISBN | 9780062325471 |
| 040 ## - CATALOGING SOURCE | |
| Original cataloging agency | DLC |
| Language of cataloging | eng |
| Description conventions | rda |
| Transcribing agency | DLC |
| Modifying agency | YDXCP |
| -- | BDX |
| -- | UPZ |
| -- | BTCTA |
| -- | DYJ |
| -- | FOLLT |
| -- | ABG |
| -- | AUGEN |
| -- | VP@ |
| -- | AULHA |
| -- | OCLCF |
| -- | IGP |
| -- | MSA |
| -- | MZ3 |
| -- | UKMGB |
| -- | NZHPC |
| -- | NWISP |
| -- | CNCAR |
| -- | CNEDM |
| -- | OCLCO |
| -- | OCL |
| -- | OCLCO |
| -- | SX2 |
| -- | AZZPT |
| -- | OCLCQ |
| -- | OCLCO |
| -- | IUL |
| -- | EG-ScBUE |
| 082 04 - DEWEY DECIMAL CLASSIFICATION NUMBER | |
| Classification number | 813.6 |
| Item number | CAS |
| Edition number | 22 |
| 100 1# - MAIN ENTRY--PERSONAL NAME | |
| Personal name | Cass, Kiera, |
| Relator term | author. |
| 245 14 - TITLE STATEMENT | |
| Title | The one / |
| Statement of responsibility, etc | Kiera Cass. |
| 250 ## - EDITION STATEMENT | |
| Edition statement | First edition. |
| 264 #1 - PUBLICATION, DISTRIBUTION, ETC. (IMPRINT) | |
| Place of publication, distribution, etc | New York : |
| Name of publisher, distributor, etc | Harper Teen / HarperCollins Publishers, |
| Date of publication, distribution, etc | [2014] |
| 264 #4 - PUBLICATION, DISTRIBUTION, ETC. (IMPRINT) | |
| Date of publication, distribution, etc | c2014 |
| 300 ## - PHYSICAL DESCRIPTION | |
| Extent | 323 pages ; |
| Dimensions | 22 cm. |
| 336 ## - CONTENT TYPE | |
| Content type term | text |
| Content type code | txt |
| Source | rdacontent |
| 337 ## - MEDIA TYPE | |
| Media type term | unmediated |
| Media type code | n |
| Source | rdamedia |
| 338 ## - CARRIER TYPE | |
| Carrier type term | volume |
| Carrier type code | nc |
| Source | rdacarrier |
| 490 0# - SERIES STATEMENT | |
| Series statement | Selection series ; |
| Volume number/sequential designation | book 3 |
| 500 ## - GENERAL NOTE | |
| General note | 1 New York Times bestselling author. |
| 520 ## - SUMMARY, ETC. | |
| Summary, etc | "As her Selection approaches its finish, America must decide where her heart truly lies--and Prince Maxon must pick one winner to wear the crown"-- |
| 650 #7 - SUBJECT ADDED ENTRY--TOPICAL TERM | |
| Topical term or geographic name as entry element | Marriage |
| Form subdivision | Juvenile fiction. |
| Source of heading or term | BUEsh |
| 9 (RLIN) | 40232 |
| 650 #7 - SUBJECT ADDED ENTRY--TOPICAL TERM | |
| Topical term or geographic name as entry element | Contests |
| Form subdivision | Juvenile fiction. |
| Source of heading or term | BUEsh |
| 9 (RLIN) | 40233 |
| 650 #7 - SUBJECT ADDED ENTRY--TOPICAL TERM | |
| Topical term or geographic name as entry element | Social classes |
| Form subdivision | Juvenile fiction. |
| Source of heading or term | BUEsh |
| 9 (RLIN) | 40234 |
| 650 #7 - SUBJECT ADDED ENTRY--TOPICAL TERM | |
| Topical term or geographic name as entry element | Princes |
| Form subdivision | Juvenile fiction. |
| Source of heading or term | BUEsh |
| 9 (RLIN) | 40235 |
| 650 #0 - SUBJECT ADDED ENTRY--TOPICAL TERM | |
| Topical term or geographic name as entry element | Revolutionaries |
| Form subdivision | Juvenile fiction. |
| Source of heading or term | BUEsh |
| 9 (RLIN) | 40236 |
| 651 ## - SUBJECT ADDED ENTRY--GEOGRAPHIC NAME | |
| Source of heading or term | BUEsh |
| 653 ## - INDEX TERM--UNCONTROLLED | |
| Resource For college | Humanities: English |
| Arrived date list | June2016 |
| BestSellers | Best Sellers |
| 942 ## - ADDED ENTRY ELEMENTS (KOHA) | |
| Source of classification or shelving scheme | Dewey Decimal Classification |
| Koha item type | Book - Borrowing |
| Withdrawn status | Lost status | Source of classification or shelving scheme | Damaged status | Not for loan | Collection code | Home library | Current library | Shelving location | Date acquired | Source of acquisition | Cost, normal purchase price | Serial Enumeration / chronology | Total Checkouts | Total Renewals | Full call number | Barcode | Date last seen | Date checked out | Cost, replacement price | Price effective from | Koha item type |
|---|---|---|---|---|---|---|---|---|---|---|---|---|---|---|---|---|---|---|---|---|---|
| Dewey Decimal Classification | ILB | Central Library | Central Library | Second Floor | 19/06/2016 | Purchase | 88.00 | 8263 | 11 | 83 | 813.6 CAS | 000032721 | 15/07/2025 | 19/02/2023 | 110.00 | 19/06/2016 | Book - Borrowing |